书目信息 |
| 题名: |
谈谈农副土畜产品收购政策
|
|
| 作者: | ;全国供销合作总社政策研究室 编 | |
| 分册: | ||
| 出版信息: | 北京 中国财政经济出版社 1981 |
|
| 页数: | 80页 | |
| 开本: | 19cm | |
| 丛书名: | 农村经济政策丛书 | |
| 单 册: | ||
| 中图分类: | F724.72 | |
| 科图分类: | ||
| 主题词: | 农产品收购价格指数-商业--政策--中国 | |
| 电子资源: | ||
| ISBN: | ||
| 000 | 00808nam2 2200253 45 | |
| 001 | 0181007057 | |
| 005 | 20060801150745.42 | |
| 010 | @dCNY0.22 | |
| 091 | @aCN@b4166.356 | |
| 100 | @a19950530d1981 em y0chiy0121 ea | |
| 101 | 0 | @achi |
| 102 | @aCN@b110000 | |
| 105 | @ay z 000yy | |
| 200 | 10 | @a谈谈农副土畜产品收购政策@Atan tan nong fu tu chu chan pin shou gou zheng ce@f全国供销合作总社政策研究室编 |
| 210 | @a北京@c中国财政经济出版社@d1981 | |
| 215 | @a80页@d19cm | |
| 225 | 2 | @a农村经济政策丛书 |
| 410 | 0 | @120010@a农村经济政策丛书 |
| 606 | @a农产品收购价格指数-商业@x政策@y中国 | |
| 690 | @aF724.72@v3 | |
| 711 | 02 | @a全国供销合作总社政策研究室@Aquan guo gong xiao he zuo zong she zheng ce yan jiu shi@4编 |
| 801 | 2 | @aCN@bNLC@c20060801 |
| 801 | 0 | @aCN@bTSSF |
| 905 | @a10447@dF724.72@e23 | |
| 谈谈农副土畜产品收购政策/全国供销合作总社政策研究室编.-北京:中国财政经济出版社,1981 |
| 80页;19cm.-(农村经济政策丛书) |
| ISBN :CNY0.22 |
| ● |
| 相关链接 |
|
|
|
|
正题名:谈谈农副土畜产品收购政策
索取号:F724.72/23
 
预约/预借
| 序号 | 登录号 | 条形码 | 馆藏地/架位号 | 状态 | 备注 |
| 1 | 0441255 | 204412554 | 密集书库/ [索取号:F724.72/23] | 在馆 | |
| 2 | 0441256 | 204412563 | 密集书库/ [索取号:F724.72/23] | 在馆 | |
| 3 | 0441257 | 204412572 | 密集书库/ [索取号:F724.72/23] | 在馆 |